[Event "Pan American-ch Hybrid U12 31st"]
[Site "Tornelo INT"]
[Date "2021.09.04"]
[Round "4"]
[White "Zockun, Ivan Zancaner"]
[Black "Ortiz Urra, Ignacio"]
[Result "1-0"]
[WhiteElo "1415"]
[BlackElo "1263"]
[PlyCount "77"]
[EventDate "2021.09.04"]
[EventType "swiss"]
[EventRounds "9"]
[EventCountry "NET"]
[SourceTitle "EXT 2023"]
[Source "ChessBase"]
[SourceDate "2022.10.05"]
[SourceVersion "1"]
[SourceVersionDate "2022.10.05"]
[SourceQuality "1"]

1. Nf3 e6 2. b3 d5 3. Bb2 Nf6 4. e3 a6 5. d4 c5 6. Bd3 Nc6 7. a3 Bd6 8. 0-0 0-0 9. c4 Rb8 10. Nc3 Na5 11. Be2 Nc6 12. Qc2 b6 13. Rfd1 Ne7 14. Ne5 Qc7 15. f4 Bd7 16. Bd3 b5 17. Qe2 cxd4 18. exd4 Nc6 19. Nxc6 Bxc6 20. cxb5 axb5 21. Nxb5 Bxb5 22. Bxb5 Qb6 23. a4 Bxf4 24. Rf1 Bh6 25. Qd3 Ne8 26. Ba3 Nd6 27. Bc5 Qd8 28. Qg3 Nxb5 29. axb5 Re8 30. Ra7 f6 31. Rfa1 Qc8 32. Rc7 Qd8 33. Raa7 g5 34. Qh3 Rc8 35. Rxh7 Rxc5 36. dxc5 Qc8 37. Rh8+ Kxh8 38. Qxh6+ Kg8 39. Qg7# 1-0

[Event "South America-ch U10 16th"]
[Site "Buenos Aires"]
[Date "2019.12.05"]
[Round "8.5"]
[White "Zockun, Ivan Zancaner"]
[Black "Wong Velis, Alejandro Jesus"]
[Result "1/2-1/2"]
[WhiteElo "1373"]
[BlackElo "1391"]
[PlyCount "87"]
[EventDate "2019.12.01"]
[EventType "swiss"]
[EventRounds "9"]
[EventCountry "ARG"]
[SourceTitle "EXT 2024"]
[Source "ChessBase"]
[SourceDate "2023.10.10"]
[SourceVersion "1"]
[SourceVersionDate "2023.10.10"]
[SourceQuality "1"]

1. Nf3 d5 2. b3 e6 3. Bb2 f5 4. e3 Nf6 5. d4 c6 6. Bd3 Bd6 7. Nbd2 0-0 8. 0-0 Ne4 9. Ne5 Nd7 10. f3 Nxd2 11. Qxd2 Qc7 12. f4 Nf6 13. c4 Ne4 14. Qc2 Qe7 15. c5 Bc7 16. b4 a6 17. a4 Bd7 18. Ba3 Bxe5 19. fxe5 h6 20. Qb2 Qg5 21. Qc1 Rf7 22. Rb1 h5 23. b5 axb5 24. axb5 Rxa3 25. Qxa3 Qxe3+ 26. Kh1 Nf2+ 27. Rxf2 Qxf2 28. Qa8+ Kh7 29. Qxb7 Qxd4 30. Bf1 Qxc5 31. b6 Qc2 32. Ra1 Qc3 33. Ra8 Qe1 34. Kg1 Qe3+ 35. Kh1 Qxe5 36. Qc7 Qe1 37. Kg1 Qe3+ 38. Kh1 Qf2 39. Ra1 Qb2 40. Ra8 Be8 41. Qd8 Qc1 42. Kg1 Qe3+ 43. Kh1 Qe1 44. Kg1 1/2-1/2

[Event "Sao Paulo Karman Cup"]
[Site "Sao Paulo"]
[Date "2019.08.17"]
[Round "3"]
[White "Zockun, Ivan Zancaner"]
[Black "Borger, David Lupovici"]
[Result "0-1"]
[WhiteElo "1333"]
[BlackElo "1603"]
[PlyCount "133"]
[EventDate "2019.08.16"]
[EventType "swiss"]
[EventRounds "6"]
[EventCountry "BRA"]
[SourceTitle "EXT 2020"]
[Source "ChessBase"]
[SourceDate "2019.10.17"]
[SourceVersion "1"]
[SourceVersionDate "2019.10.17"]
[SourceQuality "1"]

1. Nf3 d5 2. b3 c6 3. Bb2 Bf5 4. e3 e6 5. d4 Nf6 6. Bd3 Bg6 7. 0-0 Bd6 8. Ne5 Nbd7 9. f4 Ne4 10. Bxe4 Bxe4 11. Nd2 Nf6 12. g4 Bg6 13. h4 h5 14. Nxg6 fxg6 15. g5 Ng4 16. Rf3 Qc7 17. Qe2 0-0-0 18. Qd3 Qf7 19. Qc3 Bc7 20. a4 a6 21. Qc5 Kb8 22. a5 Bd6 23. Qc3 Qe7 24. Qd3 Qe8 25. Ba3 Bxa3 26. Rxa3 Qe7 27. Ra4 Qe8 28. Rb4 Ka7 29. Rb6 Rf8 30. Qc3 Qe7 31. Nb1 e5 32. dxe5 Nxe5 33. Rg3 Nd7 34. Rb4 Qc5 35. Qxc5+ Nxc5 36. Nd2 Rfe8 37. Kf2 Ne4+ 38. Nxe4 Rxe4 39. Rb6 d4 40. Ke2 Rde8 41. Rb4 Rxf4 42. Kd3 Rxh4 43. Rxd4 Rxd4+ 44. Kxd4 Rf8 45. e4 Kb8 46. Re3 Kc7 47. c3 Rf4 48. Rg3 Kd6 49. b4 h4 50. Rh3 Rg4 51. c4 Rf4 52. Rh2 Rg4 53. Rh3 Kc7 54. c5 Kd7 55. Rh2 Ke6 56. Rh3 Rxg5 57. Rxh4 Rh5 58. Rg4 Kf6 59. Rf4+ Ke6 60. Rg4 g5 61. Ke3 Ke5 62. Kd3 g6 63. Rg3 Kf4 64. Re3 g4 65. Kd4 g3 66. Rxg3 Kxg3 67. e5 0-1

[Event "Sao Paulo Karman Cup"]
[Site "Sao Paulo"]
[Date "2019.08.16"]
[Round "1"]
[White "Zockun, Ivan Zancaner"]
[Black "Van Riemsdijk, Marius Rombout"]
[Result "1-0"]
[WhiteElo "1333"]
[BlackElo "1700"]
[PlyCount "53"]
[EventDate "2019.08.16"]
[EventType "swiss"]
[EventRounds "6"]
[EventCountry "BRA"]
[SourceTitle "EXT 2020"]
[Source "ChessBase"]
[SourceDate "2019.10.17"]
[SourceVersion "1"]
[SourceVersionDate "2019.10.17"]
[SourceQuality "1"]

1. Nf3 d5 2. b3 c5 3. e3 Nc6 4. Bb5 a6 5. Bxc6+ bxc6 6. Bb2 Bf5 7. 0-0 Nf6 8. d3 e6 9. Ne5 Qc7 10. f4 h5 11. h3 Rd8 12. Nd2 Qb6 13. Qe1 Be7 14. Rc1 a5 15. a4 Kf8 16. Ndf3 Ne8 17. g4 hxg4 18. hxg4 Bh7 19. Ng5 Bf6 20. Qh4 Bxg5 21. fxg5 Nd6 22. g6 c4 23. Rxf7+ Nxf7 24. Bd4 c5 25. Rf1 cxd4 26. Rxf7+ Kg8 27. Qe7 1-0

[Event "Sao Paulo Karman Cup 13th"]
[Site "Sao Paulo"]
[Date "2017.11.26"]
[Round "6"]
[White "Zockun, Ivan Zancaner"]
[Black "Amaral, Danilo Tokechi"]
[Result "0-1"]
[WhiteElo "1723"]
[BlackElo "1210"]
[PlyCount "88"]
[EventDate "2017.11.24"]
[EventType "swiss"]
[EventRounds "6"]
[EventCountry "BRA"]
[SourceTitle "CBM 181 Extra"]
[Source "ChessBase"]
[SourceDate "2017.12.12"]
[SourceVersion "1"]
[SourceVersionDate "2017.12.12"]
[SourceQuality "1"]

1. e4 e5 2. Nf3 Nc6 3. Bc4 Nf6 4. Nc3 Bc5 5. d3 h6 6. Bd2 d6 7. h3 0-0 8. 0-0 a6 9. Qe2 Na5 10. Bb3 Nxb3 11. axb3 Be6 12. Na4 Ba7 13. Rfe1 Nd7 14. Nc3 c6 15. Be3 Bb8 16. Qd2 f6 17. Nh4 Rf7 18. Ng6 Nf8 19. Nh4 f5 20. Nf3 f4 21. Bxf4 Rxf4 22. d4 Bxh3 23. dxe5 Ne6 24. Ne2 Rf8 25. Qd3 Bg4 26. exd6 Bxf3 27. gxf3 Qg5+ 28. Kf1 Nf4 29. Nxf4 Qxf4 30. Re3 Bxd6 31. Rd1 Bc5 32. Qc4+ Kh8 33. Qxc5 Qh4 34. e5 Qh3+ 35. Ke2 Rae8 36. Rd6 Qh5 37. b4 Rf5 38. Kd3 Rexe5 39. Rd8+ Kh7 40. Rxe5 Rxe5 41. Qd4 Qxf3+ 42. Kd2 Re2+ 43. Kc1 Re1+ 44. Kd2 Rd1# 0-1

[Event "Sao Paulo Karman Cup 13th"]
[Site "Sao Paulo"]
[Date "2017.11.24"]
[Round "2"]
[White "Brujin, Homero"]
[Black "Zockun, Ivan Zancaner"]
[Result "1-0"]
[WhiteElo "1448"]
[BlackElo "1723"]
[PlyCount "69"]
[EventDate "2017.11.24"]
[EventType "swiss"]
[EventRounds "6"]
[EventCountry "BRA"]
[SourceTitle "CBM 181 Extra"]
[Source "ChessBase"]
[SourceDate "2017.12.12"]
[SourceVersion "1"]
[SourceVersionDate "2017.12.12"]
[SourceQuality "1"]

1. c4 e5 2. Nc3 Nf6 3. Nf3 Nc6 4. g3 d5 5. cxd5 Nxd5 6. Bg2 Nf6 7. 0-0 Bc5 8. d3 Bf5 9. a3 a5 10. Na4 Bd6 11. Bd2 e4 12. dxe4 Bxe4 13. Rc1 Nd4 14. Nc3 Nxf3+ 15. exf3 Bf5 16. Re1+ Be7 17. Nb5 0-0 18. Rxc7 Nd5 19. Rc1 Qd7 20. Nc3 Nf6 21. Ne4 Qd4 22. Bc3 Qa7 23. Bd4 Qa6 24. Bf1 b5 25. Bc5 Qe6 26. Nxf6+ Qxf6 27. Bxe7 Qh6 28. Bxf8 Rxf8 29. Re2 Ra8 30. Rd2 g6 31. Rd8+ Rxd8 32. Qxd8+ Kg7 33. Qd4+ Kf8 34. Re1 Qg7 35. Qd8# 1-0